00263nam a2200097 4500245003400000100001900034260006000053300001800113490001800131082001600149 aBurnt-out casecGraham Greene aGreene, Graham aHarmondsworth,EngbPenguin Booksc1963 [reprinted 1968] a207p.; 18cm.- aPenguin books a823.91bGRE